000 00374nam a2200145Ia 4500
008 230711s9999||||xx |||||||||||||| ||und||
041 _aENG
082 _a4
_bLA-N
100 _aLau,Clifford
245 0 _aNeural Networks: Theoretical Foundations and Analysis
250 _a1st . Ed.
260 _c1992
_aNew York
_bIEEE Press
650 _aComputer Engineering
942 _cBK
999 _c3687
_d3687